Synonymes de Mourir - Mort subite - Statistiques

Statistiques générales
  • Ce quiz a été pris 7 650 fois
  • Le résultat moyen est 9 sur 15
Answers on the Grid
Answers color-coded by a green-red scale on the quiz's grid according to % correct below.
Passer l'arme à gauche
Crever
Caner
Casser sa pipe
Clamser
Claquer
Décéder
Expirer
Trépasser
Rendre l'âme
Rendre son dernier souffle
Périr
Monter au ciel
Avaler sa chique
Partir les pieds devant
Pousser mémé dans les orties
Arsouiller
Couper la chique
Entendre le tocsin
Péter une durite
Sucrer les fraises
Dire bonjour à papi
Dracher
Calbuter
Clancher
 
Statistiques - réponses
Réponse % Correct
Décéder
76%
Crever
75%
Rendre l'âme
73%
Monter au ciel
72%
Clamser
71%
Caner
70%
Périr
70%
Rendre son dernier souffle
67%
Claquer
59%
Passer l'arme à gauche
59%
Trépasser
49%
Casser sa pipe
46%
Partir les pieds devant
36%
Expirer
35%
Avaler sa chique
21%
Aucun quiz correspondant
Distribution des résultats
% des personnes avec chaque résultat
Percentile par nombre de réponses
Votre historique - résultats
Vous n’avez pas pris ce quiz